History Quiz

Random History or Europe Quiz
Score 0/18 Timer 05:00
2 Plays Today
% Correct
Japan
93.7%
China
92.4%
Spain
91.8%
United States
88.4%
United Kingdom
84.3%
Norway
83.7%
Greece
83.1%
France
83%
France
82.6%
% Correct
Korea
79.7%
Spain
78%
France
73.8%
Netherlands
73.5%
Mexico
72.2%
Finland
63.4%
Germany
60.3%
Ukraine
42.7%
Cuba
13.2%
Remove Ads.
Support Sporcle.
Get the best of Sporcle when you Go Orange. This ad-free experience offers more features, more stats, and more fun while also helping to support Sporcle. Thank you for becoming a member.

You're not logged in!

Compare scores with friends on all Sporcle quizzes.
OR
Log In

Sporcle TV

Today on Sporcle TV


Watch our educational content, quiz creation guides, and fun videos on Sporcle TV.

Show Comments

Extras

Top Quizzes Today


Score Distribution

Paid Content

Your Account Isn't Verified!

In order to create a playlist on Sporcle, you need to verify the email address you used during registration. Go to your Sporcle Settings to finish the process.

Report this User

Report this user for behavior that violates our Community Guidelines.

Details: